Απονομή της ποινικής δικαιοσύνης στην Ελλάδα : έρευνα ομάδας του ΕΚΚΕ

Αποθηκεύτηκε σε:
Λεπτομέρειες βιβλιογραφικής εγγραφής
Κύριος συγγραφέας: Ανδρίτσου, Αγγελική
Άλλοι συγγραφείς: Δασκαλάκης, Ηλίας (Επιμελητής έκδοσης)
Μορφή: Βιβλίο
Γλώσσα:Greek
Δημοσίευση: Αθήνα : Εθνικό Κέντρο Κοινωνικών Ερευνών, 1983
Θέματα:
Ετικέτες: Προσθήκη ετικέτας
Δεν υπάρχουν, Καταχωρήστε ετικέτα πρώτοι!

MARC

LEADER 00000nam a2200000 i 4500
001 1/104677
008 950605s1983 gre d
035 |l 10013350 
040 |a GR-MY-UA  |b gre  |e aacr 
041 0 |a gre 
082 0 |a 364.9495 
100 1 |a Ανδρίτσου, Αγγελική. 
245 1 0 |a Απονομή της ποινικής δικαιοσύνης στην Ελλάδα :  |b έρευνα ομάδας του ΕΚΚΕ /  |c Υπεύθυνος: Ηλίας Δασκαλάκης ; Αγγελική Ανδρίτσου...[κ.ά.] 
260 |a Αθήνα :   |b Εθνικό Κέντρο Κοινωνικών Ερευνών,   |c 1983 
300 |a 359 σ. 
650 0 0 |a Criminal justice, Administration of  |z Greece. 
700 1 |a Δασκαλάκης, Ηλίας.  |4 edt 
852 |a INST  |b LESVOS  |e 19950605  |h 364.9495 ΑΠΟ  |p 005100003960  |q 005100003960  |t BK  |y 0 
852 |a INST  |b LESVOS  |e 19950605  |h 364.9495 ΑΠΟ  |p 005100003961  |q 005100003961  |t BK  |y 0 
852 |a INST  |b LESVOS  |e 19950605  |h 364.9495 ΑΠΟ  |p 005100003962  |q 005100003962  |t BK  |y 0 
852 |a INST  |b LESVOS  |e 19950605  |h 364.9495 ΑΠΟ  |p 005100003963  |q 005100003963  |t BK  |y 0 
909 |a Λ  |b 03070